| 000 | 00000nam##2200000za#4500 |
| 001 | 9.558794 |
| 003 | CaOODSP |
| 005 | 20210624172549 |
| 007 | cr ||||||||||| |
| 008 | 150406|2000||||xxc|||||o f|0| 0 eng|d |
| 022 | |a1480-9605 |
| 040 | |aCaOODSP|beng |
| 043 | |an-cn--- |
| 086 | 1 |aA21-42/1-9E-IN |
| 110 | 1 |aCanada.|bAgriculture and Agri-Food Canada. |bEconomic and Policy Analysis Directorate. |
| 245 | 10|aPotato farms |h[electronic resource] |
| 260 | |aOttawa - Ontario : |bAgriculture and Agri-Food Canada. |
| 300 | |a18p.|bgraphs, tables |
| 490 | 1 |aEconomic overview of farm incomes |x1480-9605|vVol. 1, No. 9, August 2000 |
| 500 | |aIncorrect catalogue number (A21-42/1-9) copied in this electronic publication. |
| 590 | |a10-07-Supp|b2010-09-08 |
| 690 | 07|aFarming|2gcpds |
| 690 | 07|aEconomic conditions|2gcpds |
| 690 | 07|aPotatoes|2gcpds |
| 775 | 08|tFermes productrices de pommes de terre |w(CaOODSP)9.592179 |
| 776 | 0#|tPotato farms |w(CaOODSP)9.534528 |
| 776 | 0#|tFermes productrices de pommes de terre |w(CaOODSP)9.534529 |
| 830 | #0|aEconomic overview of farm incomes,|x1480-9605|vVol. 1, No. 9, August 2000|w(CaOODSP)9.504406 |
| 856 | 40|ahttp://publications.gc.ca|qPDF|s614 KB|uhttps://publications.gc.ca/collections/Collection/A21-42-1-9E.pdf|yVol. 1, No. 9, August 2000 |